| Tag |
First Indicator |
Second Indicator |
Subfields |
| LEADER |
00000cam a2200000 a 4500 |
| 001 |
in00001403370 |
| 005 |
20151020055505.0 |
| 008 |
970729s1998 caua b 001 0 eng |
| 010 |
|
|
|a 97035867
|
| 020 |
|
|
|a 0123218608 (alk. paper)
|
| 035 |
|
|
|a (OCoLC)37499911
|
| 035 |
|
|
|9 AHN4607AM
|
| 040 |
|
|
|a DLC
|c DLC
|d PMC
|d TXA
|d UtOrBLW
|
| 049 |
|
|
|a TXAM
|
| 050 |
0 |
0 |
|a QC244.2
|b .H36 1998
|
| 082 |
0 |
0 |
|a 534
|2 21
|
| 245 |
0 |
0 |
|a Nonlinear acoustics /
|c edited by Mark F. Hamilton and David T. Blackstock.
|
| 264 |
|
1 |
|a San Diego, CA :
|b Academic Press,
|c [1998]
|
| 264 |
|
4 |
|c ©1998
|
| 300 |
|
|
|a xviii, 455 pages :
|b illustrations ;
|c 24 cm.
|
| 336 |
|
|
|a text
|b txt
|2 rdacontent
|
| 337 |
|
|
|a unmediated
|b n
|2 rdamedia
|
| 338 |
|
|
|a volume
|b nc
|2 rdacarrier
|
| 504 |
|
|
|a Includes bibliographical references and index.
|
| 505 |
0 |
|
|a History of nonlinear acoustics : 1750s-1930s / David T. Blackstock -- The parameter B/A / Robert T. Beyer -- Model equations / M.F. Hamilton and C.L. Morfey -- Progressive waves in lossless and lossy fluids / David T. Blackstock, Mark F. Hamilton, and Allan D. Pierce -- Dispersion / M.F. Hamilton, Yu. A. Il'inskii, and E.A. Zabolotskaya -- Radiation pressure and acoustic levitation / T.G. Wang and C.P. Lee -- Acoustic streaming / Wesley L. Nyborg -- Sound beams / Mark F. Hamilton -- Finite-amplitude waves in solids / Andrew N. Norris -- Perturbation methods / Jerry H. Ginsberg -- Computational methods / Jerry H. Ginsberg and Mark F. Hamilton -- Propagation in inhomogeneous media (ray theory) / C.L. Morfey and F.D. Cotaras -- Statistical phenomena / S.N. Gurbatov and O.V. Rudenko -- Parametric layers, four-wave mixing, and wave-front reversal / Harry J. Simpson and Philip L. Marston -- Biomedical applications / Edwin L. Carstensen and David R. Bacon.
|
| 650 |
|
0 |
|a Nonlinear acoustics.
|
| 700 |
1 |
|
|a Hamilton, Mark F.
|
| 700 |
1 |
|
|a Blackstock, David T.
|
| 999 |
|
|
|a MARS
|
| 999 |
f |
f |
|s 6f58f775-1a74-39c5-b630-826234e95b10
|i 35b64f7d-f7f9-3124-8bf6-b2a74a66a677
|t 0
|
| 952 |
f |
f |
|p normal
|a Texas A&M University
|b College Station
|c Sterling C. Evans Library
|s Evans stk
|d Evans: Library Stacks
|t 0
|e QC244.2 .H36 1998
|h Library of Congress classification
|i unmediated -- volume
|m A14822133826
|
| 998 |
f |
f |
|a QC244.2 .H36 1998
|t 0
|l Evans: Library Stacks
|